000 00509nam a2200193Ia 4500
005 20250508151007.0
008 008 250505s9999 xx 000 0 eng d
037 _aTextual
040 _aFEDL
_beng
_cFEDL
041 _aeng
_2eng
084 _a301.427, CHA
_qFEDL
100 _aChaloner Len
_9758142
245 0 _aQuestions children ask
260 _aLondon, UK
_bFaber and Faber
300 _a99p.
650 _aSociology
942 _cTEXL
_h301.427, CHA
999 _c1326925
_d1326925